Learning Red Hat Linux / (Record no. 62125)
[ view plain ]
| 000 -LEADER | |
|---|---|
| fixed length control field | 01223cam a2200337 a 4500 |
| 001 - CONTROL NUMBER | |
| control field | 12033710 |
| 003 - CONTROL NUMBER IDENTIFIER | |
| control field | NUST-PNEC |
| 005 - DATE AND TIME OF LATEST TRANSACTION | |
| control field | 20170116180739.0 |
| 008 - FIXED-LENGTH DATA ELEMENTS--GENERAL INFORMATION | |
| fixed length control field | 000607s1999 caua 001 0 eng d |
| 010 ## - LIBRARY OF CONGRESS CONTROL NUMBER | |
| LC control number | 00268037 |
| 020 ## - INTERNATIONAL STANDARD BOOK NUMBER | |
| International Standard Book Number | 1565926277 |
| 020 ## - INTERNATIONAL STANDARD BOOK NUMBER | |
| International Standard Book Number | 8173661138 |
| 035 ## - SYSTEM CONTROL NUMBER | |
| System control number | (OCoLC)ocm42436496 |
| 040 ## - CATALOGING SOURCE | |
| Original cataloging agency | WTU |
| Transcribing agency | PNEC |
| 042 ## - AUTHENTICATION CODE | |
| Authentication code | lccopycat |
| 050 00 - LIBRARY OF CONGRESS CALL NUMBER | |
| Classification number | QA76.76.O63 |
| Item number | M376 1999 |
| 082 00 - DEWEY DECIMAL CLASSIFICATION NUMBER | |
| Classification number | 005.432 MCC |
| Edition number | 21 |
| 100 1# - MAIN ENTRY--PERSONAL NAME | |
| Personal name | McCarty, Bill, |
| Dates associated with a name | 1953- |
| 245 10 - TITLE STATEMENT | |
| Title | Learning Red Hat Linux / |
| Statement of responsibility, etc. | Bill McCarty. |
| 250 ## - EDITION STATEMENT | |
| Edition statement | 1st ed. |
| 260 ## - PUBLICATION, DISTRIBUTION, ETC. | |
| Place of publication, distribution, etc. | Sebastopol, CA : |
| Name of publisher, distributor, etc. | O'Reilly, |
| Date of publication, distribution, etc. | c1999. |
| 300 ## - PHYSICAL DESCRIPTION | |
| Extent | xiii, 378 p. : |
| Other physical details | ill. ; |
| Dimensions | 24 cm. |
| 500 ## - GENERAL NOTE | |
| General note | Includes index. |
| 516 ## - TYPE OF COMPUTER FILE OR DATA NOTE | |
| Type of computer file or data note | Computer disc includes the Linux operating system. |
| 630 00 - SUBJECT ADDED ENTRY--UNIFORM TITLE | |
| Uniform title | Linux. |
| 650 #0 - SUBJECT ADDED ENTRY--TOPICAL TERM | |
| Topical term or geographic name entry element | Operating systems (Computers) |
| General subdivision | Computer, MIS |
| 856 42 - ELECTRONIC LOCATION AND ACCESS | |
| Uniform Resource Identifier | <a href="http://www.amazon.com/Learning-Red-Linux-Bill-McCarty/dp/1565926277/ref=sr_1_fkmr1_3?s=books&ie=UTF8&qid=1418248723&sr=1-3-fkmr1&keywords=LEARNING+RED+HAT+LINUX+FIRST+EDITION">http://www.amazon.com/Learning-Red-Linux-Bill-McCarty/dp/1565926277/ref=sr_1_fkmr1_3?s=books&ie=UTF8&qid=1418248723&sr=1-3-fkmr1&keywords=LEARNING+RED+HAT+LINUX+FIRST+EDITION</a> |
| 906 ## - LOCAL DATA ELEMENT F, LDF (RLIN) | |
| a | 7 |
| b | cbc |
| c | copycat |
| d | 2 |
| e | ncip |
| f | 20 |
| g | y-gencatlg |
| 942 ## - ADDED ENTRY ELEMENTS (KOHA) | |
| Source of classification or shelving scheme | |
| Koha item type | Book |
| Withdrawn status | Lost status | Source of classification or shelving scheme | Damaged status | Not for loan | Permanent Location | Current Location | Shelving location | Date acquired | Source of acquisition | Cost, normal purchase price | Total Checkouts | Full call number | Barcode | Date last seen | Cost, replacement price | Price effective from | Koha item type |
|---|---|---|---|---|---|---|---|---|---|---|---|---|---|---|---|---|---|
| Pakistan Navy Engineering College (PNEC) | Pakistan Navy Engineering College (PNEC) | 09/12/2000 | - | 536.00 | 005.432 MCC | PNECLIB-022706 | 12/11/2014 | 536.00 | 09/12/2000 | Book |
